UD Las Palmas Squad 2025-2026 - Statistics

General Stats
  • This quiz has been taken 24 times
    6 since last reset
  • The average score is 23 of 34
Answer Stats
# Position Nation Player % Correct
22 FW Spain Ale García
100%
1 GK Croatia Dinko Horkaš
100%
49 FW Spain Iker Bravo
100%
10 FW Spain Jesé
100%
13 GK Spain José Antonio Caro
100%
20 MF Spain Kirian Rodríguez
100%
- Coach Spain Luis García
100%
3 DF Spain Mika Mármol
100%
6 DF Spain Sergio Barcia
100%
35 GK Spain Adri Suárez
83%
4 DF Spain Álex Suárez
83%
5 DF Spain Enrique Clemente
83%
39 FW Spain Estanis Pedrola
83%
21 MF Spain Jonathan Viera
83%
16 MF Italy Lorenzo Amatucci
83%
14 FW Spain Manu Fuster
83%
2 DF Spain Marvin Park
83%
18 FW Japan Taisei Miyashiro
83%
17 DF Spain Viti Rozada
83%
23 DF Spain Cristian Gutiérrez
67%
12 MF France Enzo Loiodice
67%
19 FW Spain Sandro Ramírez
67%
15 DF Spain Juanma Herzog
50%
26 MF Spain Iñaki González
33%
8 MF Spain Iván Gil
33%
9 FW Uruguay Jeremía Recoba
33%
11 FW Spain Marc Cardona
33%
25 FW Serbia Miloš Luković
33%
24 FW Spain Pejiño
33%
29 FW Spain Adam Arvelo
17%
18 MF Panama Edward Cedeño
17%
7 MF Colombia Nicolás Benedetti
17%
27 DF Spain Valentín Pezzolesi
17%
7 FW Spain Jaime Mata
0%
No matching quizzes found
Score Distribution
Percent of People with Each Score
Percentile by Number Answered
Your Score History
You have not taken this quiz since the last reset